Campeões da Copa do Brasil de Futebol - Statistics

Estatísticas Gerais
  • Esse quiz foi jogado 270 vezes
  • A pontuação média é 21 de 33
Estatísticas das Respostas
Nome Oficial Campeão % Correto
Copa Intelbras do Brasil de 2021 Atlético-MG
97%
Copa Continental do Brasil de 2020 Palmeiras
96%
Copa Continental do Brasil de 2018 Cruzeiro
92%
Copa Continental do Brasil de 2017 Cruzeiro
91%
Copa Continental do Brasil de 2019 Athletico-PR
88%
Copa Sadia do Brasil de 2015 Palmeiras
85%
Copa Continental do Brasil de 2016 Grêmio
84%
Copa Perdigão do Brasil de 2013 Flamengo
80%
Copa Sadia do Brasil de 2014 Atlético-MG
73%
Copa Kia do Brasil de 2012 Palmeiras
71%
Copa Kia do Brasil de 2011 Vasco
69%
Copa Kia do Brasil de 2010 Santos
68%
Copa Kia do Brasil de 2009 Corinthians
67%
Copa do Brasil de 2003 Cruzeiro
62%
Copa do Brasil de 2007 Fluminense
58%
Copa do Brasil de 2004 Santo André
57%
Copa do Brasil de 2008 Sport
57%
Copa do Brasil de 2006 Flamengo
56%
Copa do Brasil de 1989 Grêmio
56%
Copa do Brasil de 2005 Paulista
56%
Copa do Brasil de 2000 Cruzeiro
52%
Copa do Brasil de 2002 Corinthians
50%
Copa do Brasil de 2001 Grêmio
50%
Copa do Brasil de 1993 Cruzeiro
48%
Copa do Brasil de 1990 Flamengo
48%
Copa do Brasil de 1997 Grêmio
48%
Copa do Brasil de 1999 Juventude
48%
Copa do Brasil de 1996 Cruzeiro
47%
Copa do Brasil de 1994 Grêmio
47%
Copa do Brasil de 1991 Criciúma
44%
Copa do Brasil de 1992 Internacional
43%
Copa do Brasil de 1998 Palmeiras
41%
Copa do Brasil de 1995 Corinthians
40%
Nenhum quiz correspondente encontrado
Distribuição das Pontuações
Porcentagem de Pessoas com Cada Pontuação
Percentil de Números Respondidos
Sua Pontuação Histórica
Você não jogou esse quiz